| 000 | 00601nam a22002057a 4500 | ||
|---|---|---|---|
| 003 | OSt | ||
| 005 | 20140311163000.0 | ||
| 008 | 130208t xxu||||| |||| 00| 0 eng d | ||
| 020 | _a9789710391622 | ||
| 050 |
_aLB 3013 _b.P276 2011 |
||
| 100 | _aPatron, Ida Y. | ||
| 245 |
_aEffective classroom management and making the first days of classes significant to the learners / _c Ida-Yap Patron. |
||
| 260 |
_aQuezon City : _bGreat Books Publishing, _c2011. |
||
| 300 |
_a106 p. : _c23 cm. _bill. ; |
||
| 521 | _aEDU | ||
| 562 | _e2 | ||
| 942 |
_2lcc _cBK _kLOC |
||
| 999 |
_c39162 _d39162 |
||